<?xml version="1.0" encoding="UTF-8"?>
<collection xmlns="http://www.loc.gov/MARC21/slim">
 <record>
  <leader>02601nam a22002897a 4500</leader>
  <controlfield tag="001">NCT_40163</controlfield>
  <controlfield tag="008">180609b        xxu||||| |||| 00| 0 vie d</controlfield>
  <datafield tag="999" ind1=" " ind2=" ">
   <subfield code="c">1934</subfield>
   <subfield code="d">1934</subfield>
  </datafield>
  <datafield tag="020" ind1=" " ind2=" ">
   <subfield code="c">99000</subfield>
  </datafield>
  <datafield tag="082" ind1="0" ind2="4">
   <subfield code="2">23rd ed.</subfield>
   <subfield code="a">657.076</subfield>
   <subfield code="b">Ph557</subfield>
  </datafield>
  <datafield tag="100" ind1="1" ind2=" ">
   <subfield code="a">Trần Phước</subfield>
   <subfield code="e">Chủ biên</subfield>
  </datafield>
  <datafield tag="245" ind1="1" ind2="0">
   <subfield code="a">Kế toán thương mại dịch vụ :</subfield>
   <subfield code="b">Lý thuyết - Bài tập - Bài giải mẫu và câu hỏi trắc nghiệm</subfield>
   <subfield code="c">Trần Phước (chủ biên)</subfield>
  </datafield>
  <datafield tag="260" ind1=" " ind2=" ">
   <subfield code="a">TP Hồ Chí Minh</subfield>
   <subfield code="b">Tài chính</subfield>
   <subfield code="c">2009</subfield>
  </datafield>
  <datafield tag="300" ind1=" " ind2=" ">
   <subfield code="a">543 tr.</subfield>
   <subfield code="c">24cm</subfield>
  </datafield>
  <datafield tag="520" ind1="3" ind2=" ">
   <subfield code="a">Nội dung tài liệu bao gồm: Tổng quan về doanh nghiệp thương mại - dịch vụ; Kế toán tiền và các khoản tương đương tiền; Kế toán mua bán hàng hóa trong nước; Kế toán xuất nhập khẩu; Kế toán hoạt động kinh doanh dịch vụ; Kế toán doanh nghiệp xây dựng; Kế toán tài sản cố định; Kế toán CPKD, chi phí thuế TNDN và xác định KQKD; Báo cáo tài chính. </subfield>
  </datafield>
  <datafield tag="653" ind1=" " ind2=" ">
   <subfield code="a">Kế toán</subfield>
  </datafield>
  <datafield tag="942" ind1=" " ind2=" ">
   <subfield code="2">ddc</subfield>
   <subfield code="c">BK</subfield>
  </datafield>
  <datafield tag="952" ind1=" " ind2=" ">
   <subfield code="0">0</subfield>
   <subfield code="1">0</subfield>
   <subfield code="2">ddc</subfield>
   <subfield code="4">0</subfield>
   <subfield code="6">657_076000000000000_PH557</subfield>
   <subfield code="7">0</subfield>
   <subfield code="9">10087</subfield>
   <subfield code="a">000001</subfield>
   <subfield code="b">000001</subfield>
   <subfield code="d">2018-06-09</subfield>
   <subfield code="o">657.076 Ph557</subfield>
   <subfield code="p">MD.07526</subfield>
   <subfield code="r">2018-06-09</subfield>
   <subfield code="v">99000.00</subfield>
   <subfield code="w">2018-06-09</subfield>
   <subfield code="y">BK</subfield>
  </datafield>
  <datafield tag="952" ind1=" " ind2=" ">
   <subfield code="0">0</subfield>
   <subfield code="1">0</subfield>
   <subfield code="2">ddc</subfield>
   <subfield code="4">0</subfield>
   <subfield code="6">657_076000000000000_PH557</subfield>
   <subfield code="7">0</subfield>
   <subfield code="9">10088</subfield>
   <subfield code="a">000001</subfield>
   <subfield code="b">000001</subfield>
   <subfield code="d">2018-06-09</subfield>
   <subfield code="o">657.076 Ph557</subfield>
   <subfield code="p">MD.07527</subfield>
   <subfield code="r">2018-06-09</subfield>
   <subfield code="v">99000.00</subfield>
   <subfield code="w">2018-06-09</subfield>
   <subfield code="y">BK</subfield>
  </datafield>
  <datafield tag="952" ind1=" " ind2=" ">
   <subfield code="0">0</subfield>
   <subfield code="1">0</subfield>
   <subfield code="2">ddc</subfield>
   <subfield code="4">0</subfield>
   <subfield code="6">657_076000000000000_PH557</subfield>
   <subfield code="7">0</subfield>
   <subfield code="9">10089</subfield>
   <subfield code="a">000001</subfield>
   <subfield code="b">000001</subfield>
   <subfield code="d">2018-06-09</subfield>
   <subfield code="o">657.076 Ph557</subfield>
   <subfield code="p">MD.07528</subfield>
   <subfield code="r">2018-06-09</subfield>
   <subfield code="v">99000.00</subfield>
   <subfield code="w">2018-06-09</subfield>
   <subfield code="y">BK</subfield>
  </datafield>
  <datafield tag="952" ind1=" " ind2=" ">
   <subfield code="0">0</subfield>
   <subfield code="1">0</subfield>
   <subfield code="2">ddc</subfield>
   <subfield code="4">0</subfield>
   <subfield code="6">657_076000000000000_PH557</subfield>
   <subfield code="7">0</subfield>
   <subfield code="9">10090</subfield>
   <subfield code="a">000001</subfield>
   <subfield code="b">000001</subfield>
   <subfield code="d">2018-06-09</subfield>
   <subfield code="o">657.076 Ph557</subfield>
   <subfield code="p">MD.07529</subfield>
   <subfield code="r">2018-06-09</subfield>
   <subfield code="v">99000.00</subfield>
   <subfield code="w">2018-06-09</subfield>
   <subfield code="y">BK</subfield>
  </datafield>
  <datafield tag="952" ind1=" " ind2=" ">
   <subfield code="0">0</subfield>
   <subfield code="1">0</subfield>
   <subfield code="2">ddc</subfield>
   <subfield code="4">0</subfield>
   <subfield code="6">657_076000000000000_PH557</subfield>
   <subfield code="7">0</subfield>
   <subfield code="9">10091</subfield>
   <subfield code="a">000001</subfield>
   <subfield code="b">000001</subfield>
   <subfield code="d">2018-06-09</subfield>
   <subfield code="o">657.076 Ph557</subfield>
   <subfield code="p">MD.07530</subfield>
   <subfield code="r">2018-06-09</subfield>
   <subfield code="v">99000.00</subfield>
   <subfield code="w">2018-06-09</subfield>
   <subfield code="y">BK</subfield>
  </datafield>
  <datafield tag="952" ind1=" " ind2=" ">
   <subfield code="0">0</subfield>
   <subfield code="1">0</subfield>
   <subfield code="2">ddc</subfield>
   <subfield code="4">0</subfield>
   <subfield code="6">657_076000000000000_PH557</subfield>
   <subfield code="7">0</subfield>
   <subfield code="9">10092</subfield>
   <subfield code="a">000001</subfield>
   <subfield code="b">000001</subfield>
   <subfield code="d">2018-06-09</subfield>
   <subfield code="o">657.076 Ph557</subfield>
   <subfield code="p">MD.07531</subfield>
   <subfield code="r">2018-06-09</subfield>
   <subfield code="v">99000.00</subfield>
   <subfield code="w">2018-06-09</subfield>
   <subfield code="y">BK</subfield>
  </datafield>
  <datafield tag="952" ind1=" " ind2=" ">
   <subfield code="0">0</subfield>
   <subfield code="1">0</subfield>
   <subfield code="2">ddc</subfield>
   <subfield code="4">0</subfield>
   <subfield code="6">657_076000000000000_PH557</subfield>
   <subfield code="7">0</subfield>
   <subfield code="9">10093</subfield>
   <subfield code="a">000001</subfield>
   <subfield code="b">000001</subfield>
   <subfield code="d">2018-06-09</subfield>
   <subfield code="o">657.076 Ph557</subfield>
   <subfield code="p">MD.07532</subfield>
   <subfield code="r">2018-06-09</subfield>
   <subfield code="v">99000.00</subfield>
   <subfield code="w">2018-06-09</subfield>
   <subfield code="y">BK</subfield>
  </datafield>
  <datafield tag="952" ind1=" " ind2=" ">
   <subfield code="0">0</subfield>
   <subfield code="1">0</subfield>
   <subfield code="2">ddc</subfield>
   <subfield code="4">0</subfield>
   <subfield code="6">657_076000000000000_PH557</subfield>
   <subfield code="7">0</subfield>
   <subfield code="9">10094</subfield>
   <subfield code="a">000001</subfield>
   <subfield code="b">000001</subfield>
   <subfield code="d">2018-06-09</subfield>
   <subfield code="o">657.076 Ph557</subfield>
   <subfield code="p">MD.07533</subfield>
   <subfield code="r">2018-06-09</subfield>
   <subfield code="v">99000.00</subfield>
   <subfield code="w">2018-06-09</subfield>
   <subfield code="y">BK</subfield>
  </datafield>
  <datafield tag="952" ind1=" " ind2=" ">
   <subfield code="0">0</subfield>
   <subfield code="1">0</subfield>
   <subfield code="2">ddc</subfield>
   <subfield code="4">0</subfield>
   <subfield code="6">657_076000000000000_PH557</subfield>
   <subfield code="7">0</subfield>
   <subfield code="9">10095</subfield>
   <subfield code="a">000001</subfield>
   <subfield code="b">000001</subfield>
   <subfield code="d">2018-06-09</subfield>
   <subfield code="o">657.076 Ph557</subfield>
   <subfield code="p">MD.07534</subfield>
   <subfield code="r">2018-06-09</subfield>
   <subfield code="v">99000.00</subfield>
   <subfield code="w">2018-06-09</subfield>
   <subfield code="y">BK</subfield>
  </datafield>
  <datafield tag="980" ind1=" " ind2=" ">
   <subfield code="a">Thư viện Trường Đại học Nam Cần Thơ</subfield>
  </datafield>
 </record>
</collection>
